000 01039nam a2200277 i 4500
001 16845
003 ES-MaACL
005 20250928105424.0
007 t|
008 001113s1990 sp ||||0| spa d
016 7 _zCHM920003472
020 _a84-7433-664-3
040 _aM-BN
_bspa
_cCHM
080 _a914.601.88 S
080 _a712(460.188)
100 1 _aYoldi Enríquez, Leopoldo.
_9117657
245 1 0 _aEntorno y paisaje de una ciudad histórica
_b: Segovia : caminos para una conservación /
_cLeopoldo Yoldi Enríquez ; dibujos, Mariano Carabias ; fotografías, Antonio M.Meco.
260 _a[Madrid] :
_bSecretaría General Técnica, Ministerio de Obras Públicas y Urbanismo,
_cD.L. 1990.
300 _a288 p :
_bil ;
_c26x22 cm.
651 4 _aSegovia-
_xDescripción.
_99372
700 0 _aCarabias, Mariano,
_d1963-
_934927
700 1 _aMeco, Antonio M.
_979657
710 1 _aEspaña.
_bMinisterio de Obras Públicas y Urbanismo
_93917
852 _aES-MaACL
_jG-4100
_bR.118690
999 _c16845
_d16845